Statistiques concernant Culture Générale - Série 1069

Cliquez ici pour prendre le quiz!

Statistiques générales

  • Ce quiz a été pris 59 fois
  • Le résultat moyen est 7 sur 10

Statistiques - réponses

QuestionRéponse% Correct
Sur quel continent se situe la Guinée-Bissau ?Afrique
100%
Quelle est la couleur de la pierre précieuse appelée rubis ?rouge
98%
En 1980, dans quel pays la reine Beatrix est-elle montée sur le trône ?Pays-Bas
82%
Quel est le nom du petit ustensile de table destiné à poser son oeuf pour le manger à la coque ?coquetier
73%
Quel homme politique français succède à Vincent Auriol en 1954, à la présidence de la République ?René Coty
64%
Comment se prénomme Rambo, incarné à plusieurs reprises par Sylvester Stallone au cinéma ?John
59%
Quel est le prénom de l'écrivain français Bernanos, auteur du roman "Sous le soleil de Satan" ?Georges
55%
De quel écrivain français Elsa Triolet fut-elle la compagne et la muse pendant plus de 40 ans ?Louis Aragon
52%
Quel chorégraphe, né à Marseille en 1927, est décédé le 22 novembre 2007 ?Maurice Béjart
50%
Quel adjectif rimant avec "horizontale" qualifie une mer immobile, qui ne monte ni ne descend ?étale
29%

Distribution des résultats

Percentile par nombre de réponses

% des personnes avec chaque résultat

Votre développement - résultats

Vous n’avez pas pris ce quiz